OUR AMAZING BUDIES (Record no. 15260)

MARC details
000 -LEADER
fixed length control field 00246nam a22001217a 4500
003 - CONTROL NUMBER IDENTIFIER
control field SGT
082 ## - DEWEY DECIMAL CLASSIFICATION NUMBER
Item number CHI
100 ## - MAIN ENTRY--PERSONAL NAME
Personal name CHILDCRAFT, ANNUAL
245 ## - TITLE STATEMENT
Title OUR AMAZING BUDIES
260 ## - PUBLICATION, DISTRIBUTION, ETC. (IMPRINT)
Name of publisher, distributor, etc WORLD BOOK INT.
Year of Publication 1996
300 ## - PAGE DESCRIPTION
No. of Pages 224
942 ## - ADDED ENTRY ELEMENTS (KOHA)
Source of classification or shelving scheme Dewey Decimal Classification
Koha item type Books
942 ## - ADDED ENTRY ELEMENTS (KOHA)
-- 1
Holdings
Withdrawn status Lost status Source of classification or shelving scheme Damaged status Not for loan Home library Current library Shelving location Date acquired SGTU Total Checkouts Full call number Accession No. (Barcode) Date last seen Date last borrowed Bill Date Koha item type
    Dewey Decimal Classification     SGT Science & Social Sciences Library SGT Science & Social Sciences Library Text Book 20/02/2018 SGTU 1 CHI FF537 09/08/2023 09/08/2023 20/02/2018 Books